Statistics for Counties of Arizona

Click here to take the quiz!

General Stats

  • This quiz has been taken 7 times
  • The average score is 13 of 15

Answer Stats

HintAnswer% Correct
The city of Phoenix is in this countyMaricopa
100%
The city of Holbrook is in this countyNavajo
100%
The city of Tucson is in this countyPima
100%
The city of Florence is in this countyPinal
100%
The city of St. John's is in this countyApache
80%
The city of Bisbee is in this countyCochise
80%
The city of Flagstaff is in this countyCoconino
80%
The town of Payson is in this countyGila
80%
The city of Safford is in this countyGraham
80%
The city of Clifton is in this countyGreenlee
80%
The city of Quartzsite is in this countyLa Paz
80%
The city of Nogales is in this countySanta Cruz
80%
The city of Prescott is in this countyYavapai
80%
The city of Yuma is in this countyYuma
80%
The city of Kingman is in this countyMohave
60%

Score Distribution

Percentile by Number Answered

Percent of People with Each Score

Your Score History

You have not taken this quiz